| 000 | 01067nam a2200337 a 4500 | ||
|---|---|---|---|
| 001 | 59197 | ||
| 003 | CO-BoRNBP | ||
| 005 | 20250918193226.0 | ||
| 007 | ta | ||
| 008 | 120731s2011 mx a gr 000 0dspa d | ||
| 040 |
_aCO-BoBLA _bspa _cCO-BoBLA |
||
| 041 | 1 |
_aspa _heng |
|
| 043 | _ae-gx--- | ||
| 082 | 0 | 4 |
_a833.91 _bF85c4 _221 |
| 100 | 1 |
_aFunke, Cornelia, _d1958- _964997 |
|
| 245 | 1 | 3 |
_aEl caballero fantasma. / _cCornelia Funke ; ilustrado por José Rosero ; traducción Margarita Santos Cuesta. |
| 250 | _a1a. edición | ||
| 300 |
_a198 p. : _bil. ; _c22 cm. |
||
| 336 |
_2rdacontent _atexto _btxt |
||
| 337 |
_2rdamedia _asin mediación _bn |
||
| 338 |
_2rdacarrier _avolumen _bnc |
||
| 490 | 0 |
_aA la orilla del viento ; _v210 |
|
| 500 | _aGlosario : p. 190-198. | ||
| 534 | _tGeisterreitter. | ||
| 650 | 7 |
_aNovela juvenil alemana. _2BLAAUTO _929401 |
|
| 650 | 7 |
_aFantasmas _vNovela juvenil. _2BLAAUTO _964998 |
|
| 700 | 1 |
_aRosero, José, _eli. _964999 |
|
| 700 | 1 |
_aSantos Cuesta, Margarita, _etr. _965000 |
|
| 942 |
_2ddc _cBK |
||
| 949 |
_an _bn |
||
| 999 |
_c59197 _d59197 |
||